=LDR 00000nam 2200000 4500 =001 INLIS000000000056064 =005 20200826075444 =035 ##$$a 0010-0820000205 =007 ta =008 200826################g##########0#ind## =082 ##$$a 2x9.23 =084 ##$$a 2x9.23 HAR k =100 1#$$a Haro, Arman =245 1#$$a Kabut Merah di Madinah /$c Arman Haro =250 ##$$a cet.1 =260 ##$$a Jakarta :$b Pustaka Kartini,$c 1989 =300 ##$$a 124 hlm., ; $c 11 x 18 cm =600 #4$$a Usman bin Affan =990 ##$$a 1199400430 =990 ##$$a 1199400431